| 000 | 00346 a2200109 4500 | ||
|---|---|---|---|
| 001 | ART_3535 | ||
| 005 | 20260410161715.0 | ||
| 008 | 260409a | ||
| 245 | 1 | 0 | _aInflexibilidad descendente de las tasas de interés |
| 100 | 1 | _aOlivera, Julio H.G. | |
| 773 | 0 |
_tDesarrollo económico _g- Vol. 28, Nº 109 (abr./jun. 1988) _wREV1174 |
|
| 999 |
_c16482 _d16482 |
||